000 00558nam a2200205Ia 4500
003 OSt
005 20230524193350.0
008 210423s1992 xx 000 0 und d
040 _cAL
041 _aeng
082 _a338.9
_223
_bHAMD
100 _aHAMRELL (Sven);NORDBERG (Olle)Ed
_9113389
245 _aDevelopment dailogue 1978: 1-2
260 _bHammar Skjold Foundation
_c1992
365 _cINR
650 _aEconomics
_9113390
650 _aEconomics of Development
_9113391
906 _a1-2 ; 1978: ; dailogue ; Development
942 _2ddc
_cBK
999 _c173121
_d173121